Which Queen song is longer? - Statistics

General Stats
  • This quiz has been taken 81 times
  • The average score is 6 of 10
Answer Stats
Question Answer % Correct
The famous ones. Bohemian Rhapsody
97%
The long ones... Innuendo
77%
John Deacon is just so good. Another One Bites The Dust
68%
Long name, but a short song. The Fairy Feller's Master-Stroke
58%
It's sad, but those are not famous. '39
57%
Some random stuff. Gimme The Prize
52%
... and the newer ones. Let Me Live
52%
The old ones... Ogre Battle
50%
... and the short ones. It's A Beautiful Day
47%
An easy question to end this. Hope you enjoyed! Love Of My Life
43%
No matching quizzes found
Score Distribution
Percent of People with Each Score
Percentile by Number Answered
Your Score History
You have not taken this quiz